Pokémon 3ème génération - Mort Subite - Statistiques

Statistiques générales
  • Ce quiz a été pris 869 fois
  • Le résultat moyen est 13 sur 20
Answers on the Grid
Answers color-coded by a green-red scale on the quiz's grid according to % correct below.
Braségali
Nénupiot
Nirondelle
Kirlia
Monaflémit
Makuhita
Ténèfix
Dynavolt
Muciole
Wailord
Cacturne
Écrapince
Anorith
Morphéo
Tropius
Oniglali
Lovdisc
Kyogre
Latios
Serpang
Porygon-Z
Ixon
Regieleki
Otaquin
Pachirisu
Arceus
Axoloto
Miraidon
Incisache
Trompignon
Crabagarre
Boskara
Yanméga
Plumeline
Girafarig
Poulpaf
Kranidos
Insolourdo
Fantominus
Cobaltium
 
Statistiques - réponses
Réponse % Correct
Kyogre
74%
Latios
74%
Braségali
73%
Dynavolt
71%
Kirlia
71%
Nirondelle
69%
Makuhita
67%
Nénupiot
67%
Cacturne
66%
Monaflémit
66%
Morphéo
66%
Ténèfix
66%
Tropius
66%
Wailord
66%
Oniglali
65%
Lovdisc
61%
Serpang
60%
Anorith
59%
Écrapince
59%
Muciole
59%
Aucun quiz correspondant
Distribution des résultats
% des personnes avec chaque résultat
Percentile par nombre de réponses
Votre historique - résultats
Vous n’avez pas pris ce quiz